[Event "POL-ch Blitz U18"]
[Site "Bydgoszcz"]
[Date "2023.08.31"]
[Round "7"]
[White "Chmielek, Milan"]
[Black "Buklaho, Ignacy"]
[Result "1/2-1/2"]
[WhiteElo "1368"]
[BlackElo "1225"]
[PlyCount "63"]
[EventDate "2023.08.28"]
[EventType "swiss"]
[EventRounds "10"]
[EventCountry "POL"]
[SourceTitle "EXT 2024"]
[Source "ChessBase"]
[SourceDate "2023.10.10"]
[SourceVersion "1"]
[SourceVersionDate "2023.10.10"]
[SourceQuality "1"]

1. d4 d5 2. c4 e6 3. Nf3 Nf6 4. g3 Be7 5. Bg2 0-0 6. 0-0 dxc4 7. Qc2 a6 8. Qxc4 b5 9. Qc2 Bb7 10. Bg5 Nbd7 11. Rd1 h6 12. Bf4 Rc8 13. Nc3 Nb6 14. Rac1 Qe8 15. a3 c5 16. dxc5 Bxc5 17. Be5 Nfd5 18. Qb1 Nxc3 19. Bxc3 Nc4 20. Ne5 Bxg2 21. Kxg2 Nxe5 22. Bxe5 f6 23. Bc3 Qc6+ 24. Kg1 Qb6 25. e3 Rfd8 26. Qe4 e5 27. Qg6 Rxd1+ 28. Rxd1 Rd8 29. Qc2 Rxd1+ 30. Qxd1 Qd6 31. Qb3+ Kh7 32. Qc2+ 1/2-1/2

[Event "POL-ch Blitz U18"]
[Site "Bydgoszcz"]
[Date "2023.08.31"]
[Round "9"]
[White "Olejko, Wojciech"]
[Black "Buklaho, Ignacy"]
[Result "1/2-1/2"]
[WhiteElo "1329"]
[BlackElo "1225"]
[PlyCount "81"]
[EventDate "2023.08.28"]
[EventType "swiss"]
[EventRounds "10"]
[EventCountry "POL"]
[SourceTitle "EXT 2024"]
[Source "ChessBase"]
[SourceDate "2023.10.10"]
[SourceVersion "1"]
[SourceVersionDate "2023.10.10"]
[SourceQuality "1"]

1. Nf3 d5 2. g3 Nf6 3. Bg2 Bf5 4. 0-0 e6 5. d4 Bd6 6. c4 c6 7. Nbd2 0-0 8. b3 Bg6 9. Bb2 Nbd7 10. Nh4 Rc8 11. Nxg6 hxg6 12. e4 dxe4 13. Nxe4 Nxe4 14. Bxe4 Nf6 15. Qe2 Nxe4 16. Qxe4 Qe7 17. Rfe1 Rce8 18. Rad1 f5 19. Qe2 Qg5 20. Bc1 Qf6 21. f4 c5 22. Bb2 Qe7 23. dxc5 Bxc5+ 24. Bd4 Bxd4+ 25. Rxd4 Qc5 26. Qf2 Qc6 27. Red1 Re7 28. Rd6 Qc7 29. Qd4 a6 30. Qf2 b5 31. cxb5 axb5 32. Qd4 Rc8 33. Rd8+ Rxd8 34. Qxd8+ Qxd8 35. Rxd8+ Kf7 36. Rb8 e5 37. fxe5 Rxe5 38. Kf2 Kf6 39. Rb6+ Kf7 40. Rb7+ Kf6 41. Rb6+ 1/2-1/2

[Event "POL-ch Rapid U18"]
[Site "Bydgoszcz"]
[Date "2023.08.30"]
[Round "9"]
[White "Buklaho, Ignacy"]
[Black "Banasiak, Piotr"]
[Result "0-1"]
[WhiteElo "1452"]
[BlackElo "1090"]
[PlyCount "176"]
[EventDate "2023.08.28"]
[EventType "swiss"]
[EventRounds "11"]
[EventCountry "POL"]
[SourceTitle "EXT 2024"]
[Source "ChessBase"]
[SourceDate "2023.10.10"]
[SourceVersion "1"]
[SourceVersionDate "2023.10.10"]
[SourceQuality "1"]

1. e4 c5 2. Nf3 Nc6 3. d4 cxd4 4. Nxd4 g6 5. Nc3 Bg7 6. Nde2 Nf6 7. g3 0-0 8. Bg2 d6 9. 0-0 Be6 10. Nd5 Qd7 11. Nef4 Bxd5 12. exd5 Ne5 13. Bd2 Nc4 14. Bc3 b5 15. b3 Nb6 16. Rb1 a5 17. Bb2 Qc7 18. Ba1 a4 19. b4 Nc4 20. Re1 Rfe8 21. Kh1 Ne5 22. Qe2 Nc4 23. Rbd1 a3 24. Qf3 Nb2 25. Rc1 Qc4 26. Qb3 Qc8 27. Nd3 Nxd3 28. cxd3 Qf5 29. Kg1 Ng4 30. f4 Nf6 31. Bd4 Qd7 32. Rc6 Rec8 33. Rec1 Rxc6 34. dxc6 Qc7 35. Qc3 h5 36. Qd2 e5 37. fxe5 dxe5 38. Be3 Rd8 39. Qe2 Ng4 40. h3 Nh6 41. Kh2 Nf5 42. Be4 Nd6 43. Qf2 Rb8 44. Bg2 Nf5 45. Ba7 Rc8 46. Bb6 Qd6 47. Be4 Nd4 48. Bc5 Qe6 49. Bxd4 exd4 50. Qf3 Qxa2+ 51. Kh1 Qb2 52. Rf1 Rc7 53. Qf4 Qe2 54. Rf2 Qe3 55. Qxc7 Qxf2 56. Qb8+ Kh7 57. c7 a2 58. Qa8 Qf1+ 59. Kh2 a1Q 60. Qxa1 Qxa1 61. c8Q Qb2+ 62. Kg1 Qxb4 63. Qd7 Qe1+ 64. Kh2 Qf2+ 65. Kh1 b4 66. Qb7 Qxg3 67. Qxb4 Be5 68. Qd2 Qxh3+ 69. Kg1 Qe3+ 70. Qxe3 dxe3 71. Kf1 Bd4 72. Ke2 f5 73. Bf3 Kh6 74. Bg2 f4 75. Bf3 g5 76. Bg2 g4 77. Be4 f3+ 78. Bxf3 gxf3+ 79. Kxf3 Kg5 80. Ke2 Kf4 81. Kf1 Kf3 82. Ke1 e2 83. Kd2 Kf2 84. Kc2 e1Q 85. Kb3 Qc3+ 86. Ka4 Qb2 87. Ka5 Qb3 88. Ka6 Qb6# 0-1

[Event "POL-ch Rapid U18"]
[Site "Bydgoszcz"]
[Date "2023.08.30"]
[Round "10"]
[White "Kilarski, Kacper"]
[Black "Buklaho, Ignacy"]
[Result "0-1"]
[WhiteElo "1208"]
[BlackElo "1452"]
[PlyCount "102"]
[EventDate "2023.08.28"]
[EventType "swiss"]
[EventRounds "11"]
[EventCountry "POL"]
[SourceTitle "EXT 2024"]
[Source "ChessBase"]
[SourceDate "2023.10.10"]
[SourceVersion "1"]
[SourceVersionDate "2023.10.10"]
[SourceQuality "1"]

1. d4 d5 2. c4 e6 3. Nc3 Nf6 4. Nf3 Nbd7 5. Bg5 Be7 6. e3 0-0 7. Bd3 dxc4 8. Bxc4 h6 9. Bh4 a6 10. 0-0 b5 11. Bb3 Bb7 12. Qe2 c5 13. dxc5 Nxc5 14. Rfd1 Qb6 15. Bc2 b4 16. Na4 Nxa4 17. Bxa4 Rfd8 18. Rxd8+ Rxd8 19. Rd1 Rc8 20. h3 Qa5 21. Bb3 Qh5 22. Bg3 Qc5 23. Ne5 Ne4 24. Bh2 Bd6 25. Nd3 Bxh2+ 26. Kxh2 Qc7+ 27. Kg1 a5 28. Nf4 Qc6 29. f3 Nf6 30. Qd2 a4 31. Qxb4 axb3 32. Qxb3 Ba6 33. Qb4 Nd5 34. Nxd5 exd5 35. Qd2 Rd8 36. Qa5 Rd6 37. Qd2 Qb6 38. Kh1 Qc5 39. e4 d4 40. b4 Qc6 41. Qb2 d3 42. Qb3 Qc2 43. Qxc2 dxc2 44. Rc1 Rd1+ 45. Rxd1 cxd1Q+ 46. Kh2 Qd6+ 47. g3 Qd2+ 48. Kg1 Qe1+ 49. Kg2 Bf1+ 50. Kh1 Qxg3 51. e5 Qg2# 0-1

[Event "Wch U08"]
[Site "Batumi"]
[Date "2022.09.17"]
[Round "2"]
[White "Buklaho, Ignacy"]
[Black "Lishoy Gengis Paratazham, Dildarav"]
[Result "1-0"]
[WhiteElo "1179"]
[BlackElo "1402"]
[PlyCount "51"]
[EventDate "2022.09.16"]
[EventType "swiss"]
[EventRounds "11"]
[EventCountry "GEO"]
[SourceTitle "EXT 2023"]
[Source "ChessBase"]
[SourceDate "2022.10.05"]
[SourceVersion "1"]
[SourceVersionDate "2022.10.05"]
[SourceQuality "1"]

1. c4 e5 2. g3 Nf6 3. Bg2 c6 4. e3 d5 5. cxd5 cxd5 6. d4 e4 7. Nc3 Bg4 8. Qb3 Qd7 9. h3 Be6 10. Nge2 Nc6 11. Nf4 Bd6 12. Qd1 Bxf4 13. gxf4 Nb4 14. Bf1 0-0 15. a3 Nd3+ 16. Bxd3 exd3 17. Qxd3 Bxh3 18. Rh2 Rfe8 19. f3 Bf5 20. Qf1 Qc7 21. Kf2 Kh8 22. Qg2 a6 23. Qg5 Qd7 24. Bd2 Ng8 25. Rah1 h6 26. Rg1 1-0